Statistics for ALW's Phantom of the Opera - Learn to be Lonely - Missing Lyrics

Click here to take the quiz!

General Stats

  • This quiz has been taken 22 times
  • The average score is 16 of 19

Answer Stats

Line% Correct
Comfort and {care} for you?
94%
Learn to be {lonely}
94%
Learn to be {lonely}
94%
Learn to be {lonely}
94%
Learn to be {lonely}
94%
Who will be {there} for you?
94%
Learn how to {love} life that is lived alone
88%
Learn to be your one {companion}
88%
Life can be {lived}
88%
There are {arms} to hold you
88%
Born into {emptiness}
82%
Child of the {wilderness}
82%
Learn to find your way in {darkness}
82%
Life can be loved {alone}
82%
Your {heart} was on its own
82%
You've always {known}
82%
Child of the {wilderness}
76%
Never dreamed out in the {world}
76%
So {laugh} in your loneliness
65%

Score Distribution

Percentile by Number Answered

Percent of People with Each Score

Your Score History

You have not taken this quiz